Evaluación inicial de riesgos por puestos de trabajo en el Taller Mecánico Jireh, ubicado en Managua
El estudio presenta los riesgos laborales a los que están expuestos los trabajadores en el Taller mecánico JIREH, aplicando la metodología del ministerio del trabajo. Asimismo se Identifica los peligros para empleados ante el ejercicio de sus labores en los servicios prestados por el Taller mec...
| Main Authors: | , , |
|---|---|
| Other Authors: | |
| Format: | Tesis Section = Libro |
| Language: | Undetermined Spanish |
| Published: |
Managua
UNI
2021
|
| Subjects: |
| LEADER | 01227nam a2200277Ia 4500 | ||
|---|---|---|---|
| 008 | 240830s9999 xx 000 0 und d | ||
| 040 | |a BIBLIOTECA-RUPAP/ Mon 363.11 O15 | ||
| 041 | |a spa | ||
| 082 | |a Mon 363.11 O15 | ||
| 100 | 1 | |a Ocampo Sánchez, César Aníbal | |
| 100 | 1 | |b Ocampo Vivas, Asdrúbal Tomás | |
| 100 | 1 | |c Machado Rodríguez, Esperanza Lidia | |
| 245 | 1 | 0 | |a Evaluación inicial de riesgos por puestos de trabajo en el Taller Mecánico Jireh, ubicado en Managua |
| 260 | |a Managua |b UNI |c 2021 | ||
| 300 | |a 115 p. :il. | ||
| 500 | |a Contiene: anexos y CD. | ||
| 502 | |a Tesis (Ingeniero Industrial) - UNI, 2021. | ||
| 520 | 3 | |a El estudio presenta los riesgos laborales a los que están expuestos los trabajadores en el Taller mecánico JIREH, aplicando la metodología del ministerio del trabajo. Asimismo se Identifica los peligros para empleados ante el ejercicio de sus labores en los servicios prestados por el Taller mecánico. | |
| 650 | 7 | |a EVALUACION DE RIESGOS-NICARAGUA | |
| 650 | 7 | |b SEGURIDAD INDUSTRIAL | |
| 650 | 7 | |c ACCIDENTES DE TRABAJO | |
| 650 | 7 | |d SALUD OCUPACIONAL | |
| 700 | 1 | |a Tutor: |b Silvestri Jirón, Pietro Marcelo | |
| 942 | |c BK |2 ddc | ||
| 991 | |a TESIS | ||
| 999 | |c 19102 | ||